Primi 15 paesi interessati da Covid-19 - 14 maggio - Statistics

Statistiche generali
  • Questo quiz è stato fatto 5 volte
  • Il punteggio medio è 12 su 24
Statistiche sulle risposte
nazione % Corretto
Francia
100%
Germania
100%
Italia
100%
Russia
100%
Spagna
100%
Stati Uniti
100%
Brasile
80%
Cina
80%
Belgio
60%
Canada
60%
Portogallo
60%
Regno Unito
60%
Svezia
60%
India
40%
Irlanda
40%
Svizzera
40%
Bielorussia
20%
Iran
20%
Perù
20%
Bahrain
0%
Kuwait
0%
Qatar
0%
Singapore
0%
Turchia
0%
Nessun quiz corrispondente trovato
Distribuzione punteggi
Percentuale di utenti per punteggio
Percentile per numero di risposta
I tuoi punteggi nel tempo
Non hai fatto questo quiz